Statistics for Sea Girls Songs by Lyrics

Click here to take the quiz!

General Stats

  • This quiz has been taken 51 times
  • The average score is 7 of 16

Answer Stats

LyricAnswer% Correct
And I paid the price for bad advice, now I'm on my knees and singingViolet
100%
If you’re in Manchester will you come to my show?All I Want To Hear You Say
77%
You can tell me, "boy, I want more"Call Me Out
67%
You better get, you better get, you better getReady For More
67%
In a freshman year, when you just got here and you only wanted meDamage Done
63%
I'm a cold shoulder to cry on, not to rely onOpen Up Your Head
50%
Mid-night show with my best friend's girlToo Much Fun
47%
The flashing of a gun and the beating of a drumCloser
37%
With all eyes hungry, not welcome, I can tell, I knowEat Me Whole
33%
The Cure is on the speakers, it's 'Friday I'm In Love'Timeless
33%
And didn't I give, didn't I shine?Why Won't You Admit
33%
Why I'm holding on and won't let go, my sister she often asksLost
30%
This picture burns as I set it alight, what I can't see, there's no need, you're not mineAdored
27%
Before my body becomes a hearseFavourite Colour
27%
Baby I could spend an hour or two, pen a song to give to youWhat For
27%
These dreams would kill me if I let them breathe, making guesses on realityDaisy Daisy
23%

Score Distribution

Percentile by Number Answered

Percent of People with Each Score

Your Score History

You have not taken this quiz